Statystyki dla Częściowo uznawane państwa

Kliknij tutaj aby rozwiązać quiz!

Ogólne statystyki

  • Ten quiz został rozwiązany 12 166 razy
  • Średni wynik to 6 z 13

Statystyki odpowiedzi

Stopień uznawaniaPrzedstawiciel ONZJetPunkOdpowiedź% Poprawnych
Nieuznawane przez Koreę PółnocnąTakKorea Południowa
82%
Nieuznawane przez 95 państwNieKosowo
70%
Nieuznawane przez TurcjęTakCypr
67%
Uznawane przez 14 państwNieTajwan
61%
Nieuznawane przez 31 państw, głownie muzułmańskichTakIzrael
58%
Nieuznawane przez 55 państwObserwatorPalestyna
55%
Nieuznawane przez Koreę Południową, Japonię i FrancjęTakKorea Północna
48%
Uznawane tylko przez TurcjęNieCypr Północny
40%
Nieuznawane przez państwa uznające państwo powyżejTakChiny
39%
Uznawane przez 42 państwa, głównie afrykańskieNieSahara Zachodnia
33%
Uznawane przez Rosję, Nikaraguę, Wenezuelę, Nauru i SyrięNieAbchazja
24%
Uznawane przez Rosję, Nikaraguę, Wenezuelę, Nauru i SyrięNieOsetia Południowa
21%
Nieuznawane przez PakistanTakArmenia
20%

Rozkład punktacji

Percentyl według liczby udzielonych odpowiedzi

Procent ludzi z każdym wynikiem

Twoja historia wyników

Nie rozwiązałeś tego quizu